Apuntes de clínica propedéutica quirúrgica (Record no. 9565)

MARC details
000 -CABECERA
campo de control de longitud fija 00763nam a2200229 a 4500
001 - NÚMERO DE CONTROL
campo de control BRL_753
005 - FECHA Y HORA DE LA ÚLTIMA TRANSACCIÓN
campo de control 20190320210859.0
008 - DATOS DE LONGITUD FIJA--INFORMACIÓN GENERAL
campo de control de longitud fija 011013s1941----mx-a######---#000-0#spa-#
041 ## - CÓDIGO DE LENGUA
Código de lengua del texto/banda sonora o título independiente spa
044 ## - CÓDIGO DEL PAÍS DE LA ENTIDAD EDITORA/PRODUCTORA
Código MARC del país mx
050 #4 - SIGNATURA TOPOGRÁFICA DE LA BIBLIOTECA DEL CONGRESO
Número de clasificación RD34
Número de documento/Ítem .B39 1941
100 1# - ENTRADA PRINCIPAL--NOMBRE DE PERSONA
Nombre de persona Baz, Gustavo
Fechas asociadas al nombre 1894-1987
9 (RLIN) 24838
245 10 - MENCIÓN DE TÍTULO
Título Apuntes de clínica propedéutica quirúrgica
Mención de responsabilidad, etc. por los doctores Gustavo Baz y Manuel Urrutia.
260 ## - PUBLICACIÓN, DISTRIBUCIÓN, ETC.
Lugar de publicación, distribución, etc. México, D.F.
Nombre del editor, distribuidor, etc. Francisco Méndez Oteo
Fecha de publicación, distribución, etc. [1941]
300 ## - DESCRIPCIÓN FÍSICA
Extensión 3v.
Otras características físicas il.
Dimensiones 22 cm.
500 ## - NOTA GENERAL
Nota general v.1 Au842, v.2 Au841, v.3 Au833
500 ## - NOTA GENERAL
Nota general A la cabeza de la portada: Universidad Nacional Autonoma de México. Facultad de medicina.
650 14 - PUNTO DE ACCESO ADICIONAL DE MATERIA--TÉRMINO DE MATERIA
Término de materia o nombre geográfico como elemento de entrada Diagnóstico quirúrgico
9 (RLIN) 24839
700 1# - PUNTO DE ACCESO ADICIONAL--NOMBRE DE PERSONA
Nombre de persona Urrutia, Manuel
9 (RLIN) 24840
902 ## - CATALOGADOR
Iniciales GRL
942 ## - ELEMENTOS DE PUNTO DE ACCESO ADICIONAL (KOHA)
Fuente del sistema de clasificación o colocación Library of Congress Classification
Tipo de ítem Koha Libros
Holdings
Estado de retiro Estado de pérdida Estado dañado No para préstamo Localización permanente Ubicación/localización actual Fecha de adquisición Total de préstamos Signatura topográfica completa Código de barras Fecha visto por última vez Precio válido a partir de Tipo de ítem Koha
El ejemplar forma parte de la colección y puede ser consultado según las políticas vigentes.       Biblioteca Centro de Estudios Ruth D. Lechuga Biblioteca Centro de Estudios Ruth D. Lechuga 01/10/2013   RD34 .B39 1941 GRL00822 22/03/2019 22/03/2019 Libros
El ejemplar forma parte de la colección y puede ser consultado según las políticas vigentes.       Biblioteca Centro de Estudios Ruth D. Lechuga Biblioteca Centro de Estudios Ruth D. Lechuga 23/09/2013   RD34 .B39 1941 GRL00824 22/03/2019 22/03/2019 Libros
El ejemplar forma parte de la colección y puede ser consultado según las políticas vigentes.       Biblioteca Centro de Estudios Ruth D. Lechuga Biblioteca Centro de Estudios Ruth D. Lechuga 10/09/2015   RD34 .B39 1941 GRL00825 22/03/2019 22/03/2019 Libros